000 00606nam a22002177a 4500
001 00028714
005 20260406122708.0
008 260406b ag ||||| |||| 00| 0 spa d
020 _a8439521936
040 _aAR-CcCEOS
_bspa
_cAR-CcCEOS
041 _aspa
080 _a612
090 _bPAV
100 _aIván Pávlov
_91024
245 _aReflejos condicionados e inhibiciones /
_cIván Pávlov
264 _aBuenos Aires :
_bPlaneta,
_cc1993.
300 _a232 p. ;
_c24x15 cm.
490 _vObras Maestras del Pensamiento Contemporáneo ; 25
655 0 _aliteratura
_919
942 _2udc
_cBK
_n0
999 _c28747
_d28747